Controllingový reporting a tvorba KPIs

Charakteristika manažérskeho dashboardu. Tvorenie strategických máp a KPIs (Key performance indicators). Využitie modelu INFA pri vyhodnocovaní výkonnosti firmy. Vnútrofiremný reporting. Analýza EVA pomocou EBIT a WACC. Prínosy "Inteligentného reportingu" a nového MIS.

Salvato in:
Dettagli Bibliografici
Autore principale: Gallo, Peter, ml
Natura: Capitolo di libro
Lingua:slovacco
Soggetti:
Tags: Aggiungi Tag
Nessun Tag, puoi essere il primo ad aggiungerne!!

MARC

LEADER 00000naa$a2200000$$$4500
001 0054447
005 20230509081351.1
041 0 |a slo 
044 |a CZ 
245 1 0 |a Controllingový reporting a tvorba KPIs  |c Peter Gallo 
520 |a Charakteristika manažérskeho dashboardu. Tvorenie strategických máp a KPIs (Key performance indicators). Využitie modelu INFA pri vyhodnocovaní výkonnosti firmy. Vnútrofiremný reporting. Analýza EVA pomocou EBIT a WACC. Prínosy "Inteligentného reportingu" a nového MIS. 
610 2 0 |a kontroling 
610 2 0 |a reporting 
610 2 0 |a náklady 
610 2 0 |a výnosy 
610 2 0 |a objem výroby 
610 2 0 |a kalkulácia nákladov 
610 2 0 |a ukazovateľ EVA 
610 2 0 |a systémy informačné manažérske 
100 1 |a Gallo, Peter, ml.